000
00302nam a22001337a 4500
020
_a
978-2744005510
041
_a
ENG
100
_a
Perry.G
245
_a
Sams Teach Yourself Visual Basic 6 In 21 Days
260
_a
Delhi
_b
Techmedia
_c
1998
300
_a
589
650
_a
Computer
856
_u
Computer
999
_c
751
_d
751